000 01175nam a2200241K 4500
001 wordbookofsynony00newy
003 CaSfIA
005 20210119123742.0
007 cr||||
008 971011s19uu nyu 000 0 eng d
040 _aNYP
_cNYP
_dCaSfIA
035 _a(OCoLC)37771740
050 4 _aPE1591
_b.H8
245 0 4 _aThe Wordbook of synonyms,
_h[electronic resource]
_ba complete dictionary showing the exact comparative meaning of every similar expression in the English language.
260 _aNew York,
_bHurst & Co.
_c[19--]
300 _a179 p.
_c19 cm.
650 4 _aEnglish language
_xSynonyms.
856 4 1 _uhttp://www.archive.org/details/wordbookofsynony00newy
_zFree eBook from the Internet Archive
856 4 2 _uhttp://www.openlibrary.org/books/OL24456185M
_zAdditional information and access via Open Library
942 _cEB
506 _fНеобхідна авторизація на https://archive.org/ (створення облікового запису безкоштовно)
506 _fНеобхідна авторизація на https://openlibrary.org/ (створення облікового запису безкоштовно)
999 _c567720
_d567720